Research in Library and Information science / (Record no. 63264)

MARC details
000 -LEADER
fixed length control field 00397nam a22001337a 4500
005 - DATE AND TIME OF LATEST TRANSACTION
control field 20180821124712.0
020 ## - INTERNATIONAL STANDARD BOOK NUMBER
International Standard Book Number 817000344X
Terms of availability 425.00
035 ## - SYSTEM CONTROL NUMBER
System control number B-92512, B-092511, B-092514
037 ## - SOURCE OF ACQUISITION
Stock number DPL
Source of stock number/acquisition ENG
245 ## - TITLE STATEMENT
Title Research in Library and Information science /
260 ## - PUBLICATION, DISTRIBUTION, ETC. (IMPRINT)
Place of publication, distribution, etc New Delhi
Name of publisher, distributor, etc Ess Ess Publications
Date of publication, distribution, etc 2002
300 ## - PHYSICAL DESCRIPTION
Extent ii, 216p.
Dimensions 18 cms.
942 ## - ADDED ENTRY ELEMENTS (KOHA)
Source of classification or shelving scheme Dewey Decimal Classification
Item type English Books
Classification part 020.72
Call number suffix RES
Holdings
Withdrawn status Lost status Not for loan Collection code Home library Current library Date acquired Cost, normal purchase price Full call number Barcode Cost, replacement price Koha item type Source of acquisition
      Non-fiction Patel Nagar Patel Nagar 07/08/2018 425.00 020.72 RES B-092511 425.00 English Books BPPD/PUB
      Non-fiction Sarojini Nagar Sarojini Nagar 21/02/2012 425.00 020.72 RES B-92512 425.00 English Books  
      Non-fiction Shahdara Branch Shahdara Branch 21/08/2018 425.00 020.72 RES B-092514 425.00 English Books BPPD/PUB

© Delhi Public Library
Hit Counter
free hit counter